| 000 | 00487nam a22001697a 4500 | ||
|---|---|---|---|
| 005 | 20260224115538.0 | ||
| 008 | 260224b |||||||| |||| 00| 0 eng d | ||
| 020 | _a978-3-6420-7412-7 | ||
| 100 | _aSTEINMETZ, RALF | ||
| 245 | _aMULTIMEDIA SYSTEMS | ||
| 260 |
_aNEW YORK _bSPRINGER-VERLAG BERLIN HEIDELBERG _c2004 |
||
| 300 | _aXVI, 466P. | ||
| 500 | _aINCLUDES BIBLIOGRAPHICAL REFERENCES AND INDEX | ||
| 650 | _aMLTIMEDIA SYSTEMS | ||
| 700 | _aNAHRSTEDT, KLARA | ||
| 942 |
_2lcc _cBK |
||
| 999 |
_c216606 _d216606 |
||